000 00577nam a2200169Ia 4500
008 090711s9999 xx 000 0 und d
082 _b1597
100 _aवाळिंबे वि. स.
245 _aस्टॅलिनSाी मुलगी
260 _bपद्मगंधा प्रकाशन
_c1997
300 _a151
600 _aवाळिंबे वि. स.
630 _aस्टॅलिनSाी मुलगी
700 _aवाळिंबे वि. स.
730 _aस्टॅलिनSाी मुलगी
942 _cBOOK
999 _c325074
_d325074